| 000 | 00865nam a2200265 a 4500 | ||
|---|---|---|---|
| 001 | 000002160 | ||
| 003 | DO-SdBNP | ||
| 005 | 20210518110144.0 | ||
| 008 | 090701s2000 dr a 001 0 spa d | ||
| 020 | _a9993425133 | ||
| 040 |
_aDO-SdBNP _bspa _cBNPHU |
||
| 082 | 4 |
_a620.0042 _bV748d _222 |
|
| 100 | 1 |
_aVilleta Mlineaux, Jesús _96893 |
|
| 245 | 1 | 0 |
_aDiseño de proyectos de ingeniería / _cJesús Villeta Molineaux. |
| 260 |
_aSanto Domingo : _bInstituto Tecnológico de Santo Domingo, _c2000. |
||
| 300 |
_a445 p. : _bil. ; _c27 cm. |
||
| 500 | _aBibliografía: p. 445-446 | ||
| 590 | _aInventariado,2018/DG | ||
| 650 | 4 |
_aDiseño en ingeniería _96894 |
|
| 650 | 4 |
_aDibujo geométrico _96895 |
|
| 650 | 4 |
_aIngeniería de estructuras _96896 |
|
| 650 | 4 |
_aIngeniería _xGráficos _96897 |
|
| 910 | _aValidado. Control de calidad MMOLINA | ||
| 942 |
_2ddc _cLBS1 |
||
| 999 |
_c2008 _d2008 |
||